000
00272nam a22001217a 4500
008
170714b xxu||||| |||| 00| 0 eng d
041
_a
eng
080
_a
616.34
100
_a
09
101
_a
SHM
245
_a
CLINICS IN GASTROENTEROLOGY
_c
WILLIAMS,J.A
942
_2
udc
_c
BK
999
_c
20668
_d
20668